00309cam a22001097a 4500008004000000082001200040100002300052245007200075260002900147300001000176650001300186180718b1962 xxu||||| |||| 00| 0 eng d aL9 K896 aKrishnaswami, O.R. aPrinciples and practice of co-operative auditcby O.R. Krishnaswami aMadrasbMaraimalaic1962 a276p. aAuditing